| 000 | 00000nam 2200000zi 4500 |
| 001 | 9.931535 |
| 003 | CaOODSP |
| 005 | 20250212072249 |
| 006 | m o d f |
| 007 | cr |n||||||||| |
| 008 | 230913e198706##nscab ob f000 0 eng d |
| 040 | |aCaOODSP|beng|erda|cCaOODSP |
| 043 | |an-cn-ns |
| 086 | 1 |aEn14-541/1987E-PDF |
| 100 | 1 |aParker, W. R.|q(William Roy),|d1949- |eauthor. |
| 245 | 13|aAn environmental survey of the abandoned Stirling Mine, Richmond County, Nova Scotia / |cW.R. Parker. |
| 264 | 1|a[Dartmouth, Nova Scotia] : |bWater Pollution Control Division, Air and Water Branch, Environmental Protection, Conservation and Protection, Environment Canada, Atlantic Region, |cJune 1987. |
| 300 | |a1 online resource (iii, 21 pages) : |billustrations, maps |
| 336 | |atext|btxt|2rdacontent |
| 337 | |acomputer|bc|2rdamedia |
| 338 | |aonline resource|bcr|2rdacarrier |
| 500 | |aDigitized edition from print [produced by Environment and Climate Change Canada]. |
| 504 | |aIncludes bibliographical references (pages 9-10). |
| 520 | |a"During the summer of 1980, Environment Canada staff conducted site investigations at the abandoned Stirling Mine in Richmond County, Cape Breton. The runoff from the mine site and the primary receiving stream, Strachans Brook, contained elevated levels of lead and zinc. The sediments in Strachan's Brook contained elevated levels of iron, zinc, lead and copper and consisted mainly of mine tailings. Despite these problems, Strachan's Brook downstream of the mine supported some aquatic life including Atlantic Salmon fingerling. The inspection revealed that the tailings dam is eroding in two locations and requires remedial work to prevent the loss of additional mine tailings into the receiving waters"--Summary. |
| 650 | 0|aMineral industries|xEnvironmental aspects|zNova Scotia|zCape Breton Island. |
| 650 | 0|aPollution|zNova Scotia|zCape Breton Island. |
| 650 | 6|aMines|xIndustrie|xAspect de l'environnement|zNouvelle-Écosse|zCap-Breton, Île du. |
| 650 | 6|aPollution|zNouvelle-Écosse|zCap-Breton, Île du. |
| 710 | 1 |aCanada.|bEnvironment Canada. |bAtlantic Region, |eissuing body. |
| 856 | 40|qPDF|s3.39 MB|uhttps://publications.gc.ca/collections/collection_2025/eccc/En14-541-1987-eng.pdf |